000
00313nam a2200109Ia 4500
008
200302s9999 xx 000 0 und d
100
_a
M.J.Billington
245
_a
The Building Regulation : Explained And Illustrated Twelfth Edition(Usd 92.95)
260
_b
Blackwell Publishing
260
_c
2004
300
_a
18.9 P
999
_c
4892
_d
4892